Les cadeaux de mariage en France - Statistiques

Statistiques générales
  • Ce quiz a été pris 31 fois
  • Le résultat moyen est 2 sur 9
Statistiques - réponses
Rang Cadeaux demandés % Correct
8 Meubles 21 %
64%
3 Electroménager 35 %
50%
5 Décoration 33 %
32%
6 Argenterie 25 %
18%
4 Linge de maison 35 %
11%
1 Service de table 76 %
11%
9 Matériel HIFI Vidéo 16 %
0%
7 Orfèvrerie 23 %
0%
2 Service de verres 57 %
0%
Aucun quiz correspondant
Distribution des résultats
% des personnes avec chaque résultat
Percentile par nombre de réponses
Votre historique - résultats
Vous n’avez pas pris ce quiz